Nitrates - be ready to keep muck in reserve (Record no. 72489)
[ view plain ]
| 000 -LEADER | |
|---|---|
| fixed length control field | 01557cam a2200241 4500 |
| 001 - CONTROL NUMBER | |
| control field | ABS66642 |
| 008 - FIXED-LENGTH DATA ELEMENTS--GENERAL INFORMATION | |
| fixed length control field | 030414n2003 000 0 eng u |
| 035 ## - SYSTEM CONTROL NUMBER | |
| System control number | (Sirsi) u121978 |
| 100 ## - MAIN ENTRY--PERSONAL NAME | |
| Personal name | Lochhead, G. |
| 245 ## - TITLE STATEMENT | |
| Title | Nitrates - be ready to keep muck in reserve |
| 260 ## - PUBLICATION, DISTRIBUTION, ETC. | |
| Date of publication, distribution, etc. | 2003 |
| 490 ## - SERIES STATEMENT | |
| Series statement | Farmers' Weekly |
| Volume/sequential designation | 138(15) 28 March 2003, S12-S13(2) |
| 520 ## - SUMMARY, ETC. | |
| Summary, etc. | Discusses the need for greater slurry storage capacity on farms in the wake of the EC Nitrates Directive in order to meet the closed spreading period. Farmers are being encouraged to develop a farm waste management plan in order to organise where, when and at what rate they should spread organic manure as well as to evaluate their storage needs and spreading system. Also explains when farmers can and can't spread organic manure, the need to keep up-to-date records, storage requirements (which need to conform to the Control of Pollution (Silage, Slurry and Agricultural Fuel Oil) Regulations 1991 (amended 1997)) and what the Farm Waste Grant (Nitrate Vulnerable Zones) Scheme covers. A booklet is available from the Rural Development Scheme (RDS), Block 7, Government Buildings, Chalfont Drive, Nottingham NG8 3SN or t +44 (0)115 929 1191. |
| 590 ## - LOCAL NOTE (RLIN) | |
| Local note | ABS |
| 650 ## - SUBJECT ADDED ENTRY--TOPICAL TERM | |
| Topical term or geographic name entry element | ORGANIC WASTE |
| 650 ## - SUBJECT ADDED ENTRY--TOPICAL TERM | |
| Topical term or geographic name entry element | SLURRY |
| 650 ## - SUBJECT ADDED ENTRY--TOPICAL TERM | |
| Topical term or geographic name entry element | NITRATE VULNERABLE ZONES |
| 650 ## - SUBJECT ADDED ENTRY--TOPICAL TERM | |
| Topical term or geographic name entry element | DIRECTIVE 91/676/EEC |
| 650 ## - SUBJECT ADDED ENTRY--TOPICAL TERM | |
| Topical term or geographic name entry element | FARM WASTE MANAGEMENT PLANS |
| 650 ## - SUBJECT ADDED ENTRY--TOPICAL TERM | |
| Topical term or geographic name entry element | CONTROL OF POLLUTION (SILAGE, SLURRY AND AGRICULTURAL FUEL OIL) REGULATIONS 1991 |
| 690 ## - LOCAL SUBJECT ADDED ENTRY--TOPICAL TERM (OCLC, RLIN) | |
| Topical term or geographic name as entry element | RURAL-AGRICULTURE AND FORESTRY |
| 942 ## - ADDED ENTRY ELEMENTS (KOHA) | |
| Suppress in OPAC | 0 |
| Withdrawn status | Lost status | Source of classification or shelving scheme | Damaged status | Not for loan | Home library | Current library | Shelving location | Date acquired | Total Checkouts | Full call number | Barcode | Date last seen | Copy number | Price effective from | Koha item type |
|---|---|---|---|---|---|---|---|---|---|---|---|---|---|---|---|
| Dewey Decimal Classification | London | London | Journal article | 14/04/2003 | ABS66642 | 121978-1001 | 06/08/2019 | 1 | 06/08/2019 | Journal article |